Project finance: the guide to financing international oil and gas projects (Record no. 34030)

MARC details
000 -LEADER
fixed length control field 00467nam a2200169Ia 4500
020 ## - INTERNATIONAL STANDARD BOOK NUMBER
ISBN 1855645505
050 ## - CALL MARK
Classification number HD 69.P75 .F46/
100 ## - STATEMENT OF RESPONSIBILITY--MAIN AUTHOR NAME
Personal name Feo, Edwin F.
245 #0 - TITLE STATEMENT
Title Project finance: the guide to financing international oil and gas projects
260 ## - PUBLICATION, DISTRIBUTION, ETC. (IMPRINT)
Name of publisher Euromoney Publications Plc
260 ## - PUBLICATION, DISTRIBUTION, ETC. (IMPRINT)
Year of publication 1996
300 ## - PHYSICAL DESCRIPTION
Number of Pages 103 p
650 ## - SUBJECT ADDED ENTRY--TOPICAL TERM
Topical Term Project management--Finance.
942 ## - ADDED ENTRY ELEMENTS (KOHA)
Koha item type Books
Holdings
Withdrawn status Lost status Source of classification or shelving scheme Damaged status Not for loan Permanent Location Current Location Date acquired Accession Number Price effective from Koha item type
    Library of Congress Classification     NILE UNIVERSITY OF NIGERIA - MAIN LIBRARY NILE UNIVERSITY OF NIGERIA - MAIN LIBRARY 04/23/2025 0194449 04/23/2025 Books